000 00408nam a2200157Ia 4500
003 OSt
005 20230526113202.0
008 211028s2017 xx 000 0 und d
040 _cAIMIT LIBRARY
041 _aeng
100 _aArshad, Mohammed; Kumar, Rakesh.
_98714
_e151922
110 _aRakesh Kumar
_98715
245 _aLoyalty management system- CRM.
260 _aMangalore
_c2017
942 _2ddc
_cPRO
999 _c220026
_d220026